Statistics for Biggest Cities in Balkans

Click here to take the quiz!

General Stats

  • This quiz has been taken 1,588 times
    (906 since last reset)
  • The average score is 14 of 21

Answer Stats

Country Urban Population Answer % Correct
Turkey14,160,467Istanbul
97%
Serbia1,659,440Belgrade
97%
Greece3,753,783Athens
97%
Croatia1,110,517Zagreb
96%
Bulgaria1,428,113Sofia
96%
Albania621,286Tirana
91%
Macedonia668,518Skopje
90%
Bosnia and Herzegovina369,534Sarajevo
87%
Kosovo*198,214Pristina
80%
Slovenia282,994Ljubljana
79%
Greece1,104,460Thessaloniki
79%
Serbia277,522Novi Sad
63%
Serbia187,544Niš
56%
Bulgaria474,076Varna
54%
Italy205,535Trieste
51%
Bulgaria403,153Plovdiv
50%
Bosnia and Herzegovina238,353Banja Luka
49%
Bulgaria236,742Burgas
35%
Romania425,916Constanța
23%
Greece213,984Patras
23%
Turkey235,354Corlu
5%

Score Distribution

Percentile by Number Answered

Percent of People with Each Score

Your Score History

You have not taken this quiz since the last reset